000 00343nam a2200145Ia 4500
008 240112s2008 xx 000 0 und d
022 _a9731075
041 _aeng
082 _a616.305
100 _aALEXANDER I.
245 _aINDIAN JOURNAL OF PALLIATIVE CARE
260 _bMEDKNOW PUB.
_c2008
300 _a103;HB
_c41671
440 _v14
999 _c1143334
_d1143334